[Event "Belgrade-ch sf"]
[Site "Belgrade"]
[Date "2017.01.23"]
[Round "1"]
[White "Cerovic, Danilo"]
[Black "Vasiljevic, Sinisa"]
[Result "1-0"]
[WhiteElo "2346"]
[BlackElo "1877"]
[PlyCount "65"]
[EventDate "2017.01.23"]
[EventType "swiss"]
[EventRounds "7"]
[EventCountry "SRB"]
[SourceTitle "CBM 176 Extra"]
[Source "ChessBase"]
[SourceDate "2017.03.02"]
[SourceVersion "1"]
[SourceVersionDate "2017.03.02"]
[SourceQuality "1"]

1. e4 c5 2. Nf3 Nc6 3. d4 cxd4 4. Nxd4 d6 5. Nc3 g6 6. Be3 Bg7 7. Qd2 Nf6 8. f3 a6 9. 0-0-0 Bd7 10. g4 b5 11. h4 Nxd4 12. Bxd4 Be6 13. Nd5 Bxd5 14. exd5 Rc8 15. h5 Rg8 16. h6 Bh8 17. g5 Nd7 18. Bxh8 Rxh8 19. f4 Rc7 20. Qd4 f6 21. Bd3 Kf7 22. Qe3 Nc5 23. f5 Nxd3+ 24. Qxd3 gxf5 25. gxf6 exf6 26. Qxf5 Qc8 27. Qh5+ Kf8 28. Rhf1 Rf7 29. Qh2 Qc5 30. Rf3 b4 31. Qe2 Qc8 32. Re1 Rg8 33. Re3 1-0